Ga door naar de inhoud

Business law учебно-методическое пособие

Учебно-методическое пособие подготовлено на кафедре английского языка гуманитарных факультетов факультета романо-германской филологии Воронежского государственного университета Рекомендовано студентам 2-го курса магистратуры экономического факультета. Для направлений: 080100 – «Экономика», 080200 –...

Volledige beschrijving

Bewaard in:
Bibliografische gegevens
Formaat: Книга
Taal:Russian
Gepubliceerd in: Воронеж ВГУ 2015
Online toegang:https://e.lanbook.com/book/356321
https://e.lanbook.com/img/cover/book/356321.jpg
Tags: Voeg label toe
Geen labels, Wees de eerste die dit record labelt!
LEADER 01438nam0a2200229 i 4500
001 356321
003 RuSpLAN
005 20240216150947.0
008 240216s2015 ru gs 000 0 rus
040 |a RuSpLAN 
041 0 |a rus 
044 |a ru 
245 0 0 |a Business law  |b учебно-методическое пособие 
260 |a Воронеж  |b ВГУ  |c 2015 
300 |a 20 с. 
504 |a Библиогр.: доступна в карточке книги, на сайте ЭБС Лань 
520 8 |a Учебно-методическое пособие подготовлено на кафедре английского языка гуманитарных факультетов факультета романо-германской филологии Воронежского государственного университета Рекомендовано студентам 2-го курса магистратуры экономического факультета. Для направлений: 080100 – «Экономика», 080200 – «Менеджмент», 080300 – «Финансы и кредит» 
521 8 |a Книга из коллекции ВГУ - Языкознание и литературоведение 
521 8 |a СЭБ 
856 4 |u https://e.lanbook.com/book/356321 
856 4 8 |u https://e.lanbook.com/img/cover/book/356321.jpg 
953 |a https://e.lanbook.com/img/cover/book/356321.jpg 
Cannot write session to /tmp/vufind_sessions/sess_al0gjb6h8fhuj0s7agfhk4rmem